| 000 | 00721nam a2200241Ia 4500 | ||
|---|---|---|---|
| 003 | OSt | ||
| 005 | 20220927105418.0 | ||
| 006 | a|||||r|||| 00| 0 | ||
| 007 | ta | ||
| 008 | 220926b |||||||| |||| 00| 0 eng d | ||
| 024 | _a154954 | ||
| 037 | _cReference Collections | ||
| 040 |
_aRTL _cRTL _beng |
||
| 041 |
_2eng _aeng |
||
| 082 | _a"X .1a.7361.N60, K0 .1" | ||
| 110 |
_aUNITED STAES _9372266 |
||
| 245 | 0 | _aPractical bibliography for devloping areas . | |
| 260 |
_aWashington _bAgency for international devlopment _c1960 |
||
| 300 |
_a202 _ccm. |
||
| 700 |
_aUNITED STAES _9372267 |
||
| 942 |
_h"X .1a.7361.N60, K0 .1" _cCC |
||
| 999 |
_c692388 _d692388 |
||